[Event "Challenge"]
[Site "http://www.queenalice.com/game.php?id=902276"]
[Date "2011.2.18"]
[Round "-"]
[White "ventooeste"]
[Black "fabianowow"]
[Result "1-0"]
[WhiteElo "1406"]
[BlackElo "1693"]

1. d4 d5 2. Nf3 Nf6 3. g3 b6 4. Bg2 e6 5. a3 Be7 6. Nbd2 Nc6 7. e3 O-O 8. c4 Bd6
9. O-O e5 10. dxe5 Nxe5 11. Nxe5 Bxe5 12. cxd5 Nxd5 13. Nc4 Bxg3 14. hxg3 Bb7
15. Qc2 b5 16. Na5 Rb8 17. Rd1 c5 18. Nxb7 Rxb7 19. Rxd5 1-0

[Event "Challenge"]
[Site "http://www.queenalice.com/game.php?id=903935"]
[Date "2011.2.22"]
[Round "-"]
[White "alcantaraafonso"]
[Black "fabianowow"]
[Result "0-1"]
[WhiteElo "1141"]
[BlackElo "1881"]

1. e4 e5 2. Qh5 Nf6 3. Qxe5+ Be7 4. Bb5 O-O 5. h4 a6 6. Ba4 Nc6 7. Qg3 Nxe4 8.
Qb3 b5 9. Bxb5 axb5 10. a4 Nd4 11. Qe3 Nxc2+ 12. Kd1 Nxe3+ 13. Ke2 Nc2 14. Ra3
Nxa3 15. Nxa3 Rxa4 16. Nxb5 Ba6 17. b3 Bxb5+ 18. d3 Ra2+ 19. Ke3 Nxf2 20. Rh3
Nd1+ 21. Kd4 c5+ 22. Ke4 d5+ 23. Kf3 Rf2+ 24. Kg3 Qc7+ 25. Kg4 f5+ 26. Kh5 Be8#
0-1

[Event "Challenge"]
[Site "http://www.queenalice.com/game.php?id=904083"]
[Date "2011.2.22"]
[Round "-"]
[White "Xmen"]
[Black "fabianowow"]
[Result "0-1"]
[WhiteElo "1862"]
[BlackElo "1500"]

1. d4 Nf6 2. e3 g6 3. Nc3 Bg7 4. Nf3 O-O 5. e4 d5 6. Bd3 dxe4 7. Nxe4 Nc6 8. Be3
Bg4 9. Qd2 Bxf3 10. gxf3 Nxd4 11. Bxd4 Qxd4 12. c3 Qd5 13. Nxf6+ Bxf6 14. Be4
Qa5 15. Bxb7 Rab8 16. b4 Qa3 17. Rc1 Rfd8 18. Qe3 Rd3 19. Qxd3 Qxc1+ 20. Qd1
Qxc3+ 21. Kf1 Rxb7 22. Rg1 Rxb4 23. Rg4 Rb2 24. Kg2 Qe3 25. Qf1 Bd4 26. Kh3
Qxf3+ 27. Rg3 Qh5+ 28. Kg2 Rxf2+ 29. Qxf2 Bxf2 30. Kxf2 Qxh2+ 31. Kf3 Qxa2 32.
Kg4 Qc4+ 33. Kg5 f6+ 0-1

[Event "Challenge"]
[Site "http://www.queenalice.com/game.php?id=904572"]
[Date "2011.2.23"]
[Round "-"]
[White "rodriw02"]
[Black "fabianowow"]
[Result "1-0"]
[WhiteElo "1530"]
[BlackElo "1881"]

1. e4 e5 2. d3 Nc6 3. c3 Nf6 4. Nf3 d5 5. Bg5 Be7 6. Qa4 O-O 7. b4 a6 8. b5 Nh5
9. bxc6 Bxg5 10. cxb7 Bxb7 11. Nxe5 Nf4 12. Nd7 Re8 13. g3 Ne6 14. Bh3 c6 15.
Ne5 Nc5 16. Qd4 Qd6 17. Nc4 Nxd3+ 18. Qxd3 Rxe4+ 19. Ne3 Bc8 20. Nd2 Re8 21. f4
Bxh3 22. fxg5 Bf5 23. Qxf5 Rxe3+ 24. Kf2 Rxc3 25. Nb3 Rc2+ 26. Qxc2 a5 27. a4
Qb4 28. Rhd1 Qe4 29. Rd3 1-0

[Event "Challenge"]
[Site "http://www.queenalice.com/game.php?id=920710"]
[Date "2011.4.2"]
[Round "-"]
[White "alcantaraafonso"]
[Black "fabianowow"]
[Result "0-1"]
[WhiteElo "1115"]
[BlackElo "1628"]

1. e4 e5 2. Qh5 Nf6 3. Qxe5+ Be7 4. g3 Nc6 5. Qc3 Nxe4 6. Qxg7 Bf6 7. Qg4 Qe7 8.
Bb5 Nxg3+ 9. Ne2 Nxh1 10. d3 d6 11. Qe4 Qxe4 12. dxe4 Bh4 13. Bh6 Nxf2 14. Nbc3
Nxe4+ 15. Kd1 Nxc3+ 16. bxc3 Bd7 17. Rb1 O-O-O 18. Nf4 Bg4+ 19. Kd2 Rde8 20. Kd3
Bf5+ 21. Kc4 Re4+ 22. Kb3 Na5+ 23. Kb2 Bd7 24. Bd3 Nc4+ 25. Ka1 Nd2 26. Bxe4
Nxe4 27. Rg1 Bf6 28. Bg7 Rg8 29. Bxf6 Rxg1+ 30. Kb2 Nxf6 31. h4 Rg4 32. Nd3 Rxh4
33. Nb4 a5 34. a4 axb4 35. cxb4 Bxa4 36. Ka3 Bxc2 37. Kb2 Bd1 38. Kc1 Rd4 39. b5
Nd5 40. Kb1 Rd3 41. Kc1 h5 42. Kb1 h4 43. Kc1 h3 44. Kb1 h2 45. b6 h1=Q 46. bxc7
Rc3 47. Kb2 Qf3 48. Kb1 Rc2 49. Ka1 Qa3+ 50. Kb1 Qb2# 0-1

[Event "Challenge"]
[Site "http://www.queenalice.com/game.php?id=923485"]
[Date "2011.4.8"]
[Round "-"]
[White "umgeher"]
[Black "fabianowow"]
[Result "0-1"]
[WhiteElo "1590"]
[BlackElo "1556"]

1. e4 e6 2. d4 d5 3. Nc3 Bb4 4. f3 dxe4 5. fxe4 Qh4+ 6. g3 Qxe4+ 7. Ne2 Qxh1 8.
a3 Bd6 9. b4 Nf6 10. Bb2 Qxh2 11. d5 Bxg3+ 12. Kd2 Bf4+ 13. Kd3 exd5 14. Bc1
Bf5+ 15. Kd4 Qf2+ 0-1

[Event "Challenge"]
[Site "http://www.queenalice.com/game.php?id=923631"]
[Date "2011.4.8"]
[Round "-"]
[White "Martial"]
[Black "fabianowow"]
[Result "0-1"]
[WhiteElo "1544"]
[BlackElo "1628"]

1. e4 e5 2. Nf3 d6 3. Bc4 Bg4 4. h3 Be6 5. Bxe6 fxe6 6. O-O d5 7. Nxe5 dxe4 8.
Re1 Nd7 9. Nxd7 Qxd7 10. Rxe4 Nf6 11. Re5 Bd6 12. Re3 O-O-O 13. Nc3 g6 14. Qf3
Rdf8 15. Qe2 Nd5 16. Rxe6 Nf4 17. Rxd6 Nxe2+ 18. Nxe2 Qxd6 19. d4 Re8 20. Kf1
Rxe2 21. Kxe2 Qxd4 22. c3 Re8+ 23. Kf3 Qd1+ 24. Kg3 Qg1 25. b3 Re2 26. Bb2 Qxf2+
27. Kh2 Qxg2# 0-1

[Event "Challenge"]
[Site "http://www.queenalice.com/game.php?id=924828"]
[Date "2011.4.11"]
[Round "-"]
[White "capito"]
[Black "fabianowow"]
[Result "1/2-1/2"]
[WhiteElo "1766"]
[BlackElo "1668"]

1. e4 c5 2. Nf3 Nc6 3. d4 cxd4 4. Nxd4 Nf6 5. Nc3 e5 6. Nf3 Bb4 7. Bd3 Bxc3+ 8.
bxc3 d5 9. Bg5 dxe4 10. Bxf6 Qxf6 11. Bxe4 O-O 12. O-O Bg4 13. Qd3 Rfd8 14. Qe3
Bxf3 15. Bxf3 Qe6 16. Rab1 Rd7 17. Bxc6 bxc6 18. Rb3 Rad8 19. h3 Qf5 20. Rb2 f6
21. a4 Qe6 22. f4 e4 23. f5 Qd5 24. Rb4 Re8 25. Rd4 Qc5 26. Rf2 a5 27. g4 Kf8
28. Kg2 Rde7 29. Re2 h5 30. Rd1 Qe5 31. Rf2 Rb8 32. Rd4 hxg4 33. hxg4 Rbe8 34.
Rf1 Kg8 35. Rh1 c5 36. Rc4 Rc8 37. Re1 Qd5 38. Rxe4 Rce8 39. Qd3 Qxe4+ 40. Rxe4
Rxe4 41. Qd5+ Kh7 42. Kg3 R8e5 43. Qa8 Re3+ 44. Kf4 Rxc3 45. Qh1+ Kg8 46. Qa8+
Kf7 47. Qb7+ Re7 48. Qd5+ Kf8 49. Qd8+ Re8 50. Qd6+ 1/2-1/2

[Event "Challenge"]
[Site "http://www.queenalice.com/game.php?id=927937"]
[Date "2011.4.19"]
[Round "-"]
[White "Andrei_78"]
[Black "fabianowow"]
[Result "0-1"]
[WhiteElo "1710"]
[BlackElo "1715"]

1. e4 e5 2. Nf3 Nf6 3. d3 d5 4. exd5 Qxd5 5. Nc3 Qd8 6. Nxe5 Nc6 7. Nxc6 bxc6 8.
Qf3 Bb7 9. Qe3+ Be7 10. Be2 O-O 11. O-O Nd5 12. Nxd5 cxd5 13. d4 Bd6 14. Bd3 Qh4
15. h3 Rae8 16. Qf3 c5 17. dxc5 Bxc5 18. Be3 d4 19. Qg4 Qxg4 20. f3 Qg3 21. Bf2
Qg5 22. Bb5 Bxf3 23. g4 Bb6 24. Bxe8 Rxe8 25. Rae1 Rxe1 26. Bxe1 d3+ 27. Kh2 d2
28. Bg3 d1=Q 29. Rxd1 Bxd1 30. c3 Qd2+ 31. Kh1 Bf3# 0-1

[Event "Challenge"]
[Site "http://www.queenalice.com/game.php?id=932005"]
[Date "2011.4.29"]
[Round "-"]
[White "betofortaleza"]
[Black "fabianowow"]
[Result "1-0"]
[WhiteElo "1734"]
[BlackElo "1679"]

1. e4 e5 2. Nf3 Nc6 3. Bb5 a6 4. Ba4 Nf6 5. d3 b5 6. Bb3 Be7 7. Bd5 Bd6 8. Bg5
h6 9. Be3 Bb7 10. Nh4 Nxd5 11. exd5 Qxh4 12. dxc6 Bxc6 13. Qe2 Bxg2 14. Rg1 Qxh2
15. f3 Qh4+ 16. Bf2 Qh3 17. Nd2 O-O-O 18. O-O-O Rde8 19. Ba7 Bxf3 20. Nxf3 Qf5
21. Rxg7 e4 22. Ne1 exd3 23. Qg2 Be5 24. Qa8# 1-0

[Event "Challenge"]
[Site "http://www.queenalice.com/game.php?id=935843"]
[Date "2011.5.9"]
[Round "-"]
[White "eulerintegral"]
[Black "fabianowow"]
[Result "0-1"]
[WhiteElo "1588"]
[BlackElo "1690"]

1. d4 Nf6 2. c4 e6 3. Nc3 Bb4 4. d5 O-O 5. Nf3 d6 6. Bd2 Na6 7. e3 Nc5 8. Be2
Bxc3 9. Bxc3 Nfe4 10. Bd4 c6 11. b4 e5 12. Nxe5 dxe5 13. Bxc5 Nxc5 14. bxc5 Qa5+
15. Qd2 Qxc5 16. O-O Bf5 0-1

[Event "Challenge"]
[Site "http://www.queenalice.com/game.php?id=939958"]
[Date "2011.5.19"]
[Round "-"]
[White "fabianowow"]
[Black "piemme"]
[Result "0-1"]
[WhiteElo "1692"]
[BlackElo "1715"]

1. e4 e5 2. Nf3 d6 3. Bc4 h6 4. d3 Nf6 5. Nc3 c6 6. a4 Be7 7. O-O O-O 8. d4 exd4
9. Nxd4 c5 10. Nde2 Bg4 11. h3 Bxe2 12. Qxe2 Qc8 13. e5 Nh7 14. e6 f6 15. Nd5
Re8 16. Ra3 Nc6 17. Bxh6 gxh6 18. Nf4 Ne5 19. Rg3+ Ng5 20. h4 Nxc4 21. Qxc4 Rf8
22. Nd5 Qd8 23. f4 Kh7 24. Qd3+ Kh8 25. fxg5 fxg5 0-1

[Event "Challenge"]
[Site "http://www.queenalice.com/game.php?id=940231"]
[Date "2011.5.19"]
[Round "-"]
[White "Andrei_78"]
[Black "fabianowow"]
[Result "1-0"]
[WhiteElo "1724"]
[BlackElo "1719"]

1. e4 e5 2. Bc4 Nf6 3. d3 Nc6 4. h3 d5 5. exd5 Nxd5 6. Qf3 Nf6 7. Ne2 Bc5 8. Bg5
Be7 9. Bxf6 Bxf6 10. O-O O-O 11. Nbc3 Nd4 12. Nxd4 exd4 13. Ne4 b6 14. Rae1 Bb7
15. a4 c5 16. Nxf6+ 1-0

[Event "Challenge"]
[Site "http://www.queenalice.com/game.php?id=940994"]
[Date "2011.5.21"]
[Round "-"]
[White "scaramouche"]
[Black "fabianowow"]
[Result "0-1"]
[WhiteElo "1746"]
[BlackElo "1649"]

1. c4 e5 2. Nc3 Nf6 3. e4 Bc5 4. h3 O-O 5. Nf3 Nc6 6. a3 d6 7. d3 Nd4 8. Nxd4
Bxd4 9. Be2 c6 10. O-O Be6 11. Be3 a6 12. Rb1 b5 13. cxb5 axb5 14. Qd2 Qa5 15.
Nd1 Bxe3 16. Qxe3 b4 17. axb4 Qxb4 18. Nc3 Rfb8 19. Kh2 h6 20. f4 Qd4 21. Qf3
Ba2 22. Nxa2 Rxa2 23. f5 Rbxb2 24. Rxb2 Qxb2 25. Rf2 Qd2 26. Kg3 d5 27. Bd1 Nh5+
28. Qxh5 Qxf2+ 29. Kg4 Qf4# 0-1

[Event "Challenge"]
[Site "http://www.queenalice.com/game.php?id=942460"]
[Date "2011.5.25"]
[Round "-"]
[White "VFA"]
[Black "fabianowow"]
[Result "1-0"]
[WhiteElo "1772"]
[BlackElo "1745"]

1. d4 d5 2. c4 e6 3. Nc3 Nf6 4. Bg5 Be7 5. e3 O-O 6. Nf3 Nbd7 7. cxd5 exd5 8.
Bd3 Ne4 9. Bxe4 dxe4 10. Nxe4 Bxg5 11. Nexg5 c5 12. d5 Qa5+ 13. Qd2 Qxd2+ 14.
Nxd2 Re8 15. e4 h6 16. Ngf3 Ne5 17. Nxe5 Rxe5 18. O-O f5 19. f3 fxe4 20. fxe4 c4
21. Rfe1 Rg5 22. Nxc4 Bh3 23. g3 h5 24. Nd2 Rf8 25. Nf1 h4 26. d6 hxg3 27. Nxg3
Re8 28. Rad1 Bd7 29. Kh1 a5 30. Rc1 b5 31. Rc7 Rd8 32. e5 Rg4 33. e6 Be8 34. Rd1
b4 35. d7 a4 36. dxe8=Q+ Rxe8 37. e7 b3 38. a3 Rf4 39. Rd8 Kf7 40. Rxe8 1-0

[Event "Challenge"]
[Site "http://www.queenalice.com/game.php?id=945071"]
[Date "2011.6.1"]
[Round "-"]
[White "fabianowow"]
[Black "Andrei_78"]
[Result "1-0"]
[WhiteElo "1677"]
[BlackElo "1800"]

1. e4 e5 2. Nf3 d6 3. d4 Bg4 4. Be2 Be7 5. dxe5 Bxf3 6. Bxf3 dxe5 7. O-O f6 8.
Nc3 c6 9. Be3 Nd7 10. Qe2 Bb4 11. Qc4 Bxc3 12. Qxc3 Ne7 13. Rad1 O-O 14. Qb3+
Kh8 15. Qxb7 Qa5 16. Rxd7 Rab8 17. Qxa7 Qxa7 18. Bxa7 Rbe8 19. Bc5 Rg8 20. Bxe7
g6 21. Bxf6+ Rg7 22. Bxg7+ Kg8 23. Be2 c5 24. Bc4+ 1-0

[Event "Challenge"]
[Site "http://www.queenalice.com/game.php?id=945347"]
[Date "2011.6.2"]
[Round "-"]
[White "fabianowow"]
[Black "LeoDZeppelin"]
[Result "1-0"]
[WhiteElo "1705"]
[BlackElo "1745"]

1. e4 e5 2. Nf3 Nf6 3. Nxe5 Nxe4 4. Qe2 d5 5. d4 Be6 6. f3 Nd6 7. Bf4 Be7 8. Nd2
Nc6 9. O-O-O Nxd4 10. Qd3 N6b5 11. g4 f6 12. c3 fxe5 13. Bxe5 Nb3+ 14. Nxb3 Nd6
15. Nc5 Bf7 16. Re1 Nc4 17. Bf4 b6 18. Bg5 Bg6 19. Qd4 bxc5 20. Qxg7 Kd7 21.
Bxc4 dxc4 22. Rxe7+ Kc8 23. Rd1 Bd3 24. Bf4 Kb7 25. Rxc7+ Ka6 26. Qh6+ Ka5 27.
Rxc5+ 1-0